Natural Products Anthoteibinenes – Synthetic Approaches

Salvato in:
Dettagli Bibliografici
Autore principale: Čermáková, Kristína (Autore)
Altri autori: Jakubec, Pavol (Relatore della tesi)
Natura: Manoscritto Libro
Lingua:slovacco
inglese
Pubblicazione: 2025
Soggetti:
Accesso online:http://is.stuba.sk/zp/portal_zp.pl?podrobnosti=176198
Tags: Aggiungi Tag
Nessun Tag, puoi essere il primo ad aggiungerne!!

MARC

LEADER 00000ntm a22000003a 4500
001 stuzp105248
003 SK-STU
005 20250628212502.7
007 ta
008 150427s2015----xo-----f-mn---000-0-slo-d
040 |a STU  |b slo 
041 0 |a eng 
100 1 |a Čermáková, Kristína  |u 048140  |4 aut  |U FCHPT Ústav organickej chémie, katalýzy a petrochémie  |T FCHPT Oddelenie organickej chémie  |X 121504  |U C8140  |Y 124  |7 121504 
242 0 1 |a Prírodné látky anthoteibinény- syntetické prístupy  |y slo 
245 1 0 |a Natural Products Anthoteibinenes – Synthetic Approaches 
260 |c 2025 
650 4 |a anthoteibinény  |2 slo 
650 4 |a anthoteibinén B  |2 slo 
650 4 |a totálna syntéza  |2 slo 
650 4 |a RSV  |2 slo 
650 4 |a deriváty benzofuránu  |2 slo 
650 4 |a anthoteibinene B  |2 eng 
650 4 |a total synthesis  |2 eng 
650 4 |a benzofuran derivatives  |2 eng 
650 4 |a anthoteibinenes  |2 eng 
650 4 |a RSV  |2 eng 
700 1 |a Jakubec, Pavol  |u 048140  |k Z1  |4 ths  |U FCHPT Ústav organickej chémie, katalýzy a petrochémie  |T FCHPT Oddelenie organickej chémie  |X 4023  |U C8140  |Y 124  |7 A000004023 
856 4 |u http://is.stuba.sk/zp/portal_zp.pl?podrobnosti=176198